| 000 | 00800nam a22002297a 4500 | ||
|---|---|---|---|
| 999 |
_c5458 _d5458 |
||
| 003 | AR-CdUCM | ||
| 008 | 190312b ||||| |||| 00| 0 spa d | ||
| 040 |
_aMUNICIPALIDAD PROVINCIAL DEL CUSCO _cBIBLIOTECA MUNICIPAL DEL CUSCO |
||
| 041 | _hale | ||
| 082 |
_a927.8 / _bR36 |
||
| 100 |
_aReis, Kurt _916414 |
||
| 245 |
_aPaganini : _bEl ídolo de las mujeres / |
||
| 260 |
_aBarcelona : _bAHR, _c1958. |
||
| 300 |
_a273 paginas ; _c21 cm. |
||
| 505 | _aUn concierto casual -- El violinista de la taberna -- Un día de terror -- Una empresa arriesgada -- En el torbellino de la revolución -- Encuentro con Napoleón ... | ||
| 650 |
_aJuventud _94964 |
||
| 650 |
_aAmor _9905 |
||
| 650 |
_aHistoria _9136 |
||
| 700 |
_aDiez Cea, Margarita (traductor) _916415 |
||
| 942 |
_2ddc _cLIBROS |
||
| 945 | _aacv | ||